Poverty, inequality, and population : (Record no. 72928)

MARC details
000 -LEADER
fixed length control field 01168nam a22003017a 4500
005 - DATE AND TIME OF LATEST TRANSACTION
control field 20130114142651.0
008 - FIXED-LENGTH DATA ELEMENTS--GENERAL INFORMATION
fixed length control field 130114t xxu||||| |||| 00| 0 eng d
010 ## - LCCN (DPL NO)
LC control number ENG-106554
020 ## - INTERNATIONAL STANDARD BOOK NUMBER
Terms of availability 450.00
International Standard Book Number 0198088507
020 ## - INTERNATIONAL STANDARD BOOK NUMBER
Terms of availability 9780198088509
International Standard Book Number 450.00
035 ## - SYSTEM CONTROL NUMBER
System control number EN-90087
037 ## - SOURCE OF ACQUISITION
Source of stock number/acquisition DBAD / PUB
040 ## - CATALOGING SOURCE
Original cataloging agency dpl
Language of cataloging Eng
082 14 - DEWEY DECIMAL CLASSIFICATION NUMBER
Classification number 338.9
100 ## - MAIN ENTRY--PERSONAL NAME
Personal name Jayaraj, D.
9 (RLIN) 24626
245 1# - TITLE STATEMENT
Title Poverty, inequality, and population :
Statement of responsibility, etc by D. Jayaraj [and] S. Subramanian
Remainder of title essays in development and applied measurement /
260 ## - PUBLICATION, DISTRIBUTION, ETC. (IMPRINT)
Place of publication, distribution, etc New Delhi
Name of publisher, distributor, etc Oxford University Press
Date of publication, distribution, etc 2012
270 ## - ADDRESS
Address YMCA Library Building, Jai Singh Road
City New Delhi
State or province Delhi
Postal code 110001
300 ## - PHYSICAL DESCRIPTION
Extent xviii, 339 p. :
Dimensions 22cm (hbk)
500 ## - GENERAL NOTE
General note Includes bibliographical references
650 ## - SUBJECT ADDED ENTRY--TOPICAL TERM
Topical term or geographic name as entry element Economic development.
9 (RLIN) 24624
650 ## - SUBJECT ADDED ENTRY--TOPICAL TERM
Topical term or geographic name as entry element Economic development
General subdivision Social aspects.
9 (RLIN) 1373
650 ## - SUBJECT ADDED ENTRY--TOPICAL TERM
Topical term or geographic name as entry element Poverty.
9 (RLIN) 24628
650 ## - SUBJECT ADDED ENTRY--TOPICAL TERM
Topical term or geographic name as entry element Equality
9 (RLIN) 24629
700 ## - ADDED ENTRY--PERSONAL NAME
Personal name Subramanian, S.
9 (RLIN) 24625
942 ## - ADDED ENTRY ELEMENTS (KOHA)
Institution code [OBSOLETE] dpl
Item type English Books
Source of classification or shelving scheme Dewey Decimal Classification
Classification part 338.9
Call number suffix JAY
Holdings
Withdrawn status Lost status Source of classification or shelving scheme Damaged status Not for loan Collection code Home library Current library Date acquired Source of acquisition Cost, normal purchase price Total Checkouts Full call number Barcode Date last seen Copy number Cost, replacement price Koha item type
    Dewey Decimal Classification     Non-fiction D.B.Act.Division D.B.Act.Division 14/01/2013 DBAD/PUB 450.00   338.9 JAY EN-90087 14/01/2013 1 450.00 English Books

© Delhi Public Library
Hit Counter
free hit counter